[Event "Tocancipa 1st"]
[Site "Tocancipa"]
[Date "2015.09.27"]
[Round "10"]
[White "Hernandez, Oscar Eduardo"]
[Black "Torres Rojas, Yuber Andres"]
[Result "1/2-1/2"]
[WhiteElo "2022"]
[BlackElo "2097"]
[PlyCount "89"]
[EventDate "2015.09.18"]
[EventType "tourn"]
[EventRounds "10"]
[EventCountry "COL"]
[SourceTitle "EXT 2018"]
[Source "ChessBase"]
[SourceDate "2017.10.13"]
[SourceVersion "1"]
[SourceVersionDate "2017.10.13"]
[SourceQuality "1"]

1. e4 e5 2. Nf3 Nc6 3. Bb5 a6 4. Ba4 Nf6 5. Qe2 Be7 6. 0-0 b5 7. Bb3 d6 8. c3 0-0 9. Rd1 Na5 10. Bc2 c5 11. d3 Bg4 12. Nbd2 Re8 13. h3 Be6 14. g4 Bf8 15. Nf1 g6 16. Ng3 Qc7 17. Kg2 Rad8 18. g5 Nd7 19. h4 d5 20. h5 d4 21. Rh1 Nc6 22. hxg6 hxg6 23. Bd2 c4 24. Rh4 dxc3 25. Rah1 Bg7 26. bxc3 cxd3 27. Bxd3 Nc5 28. Bb1 Na5 29. Nf5 gxf5 30. exf5 Bc4 31. Qe3 Bd5 32. f6 Nc4 33. Bh7+ Kf8 34. Rxc4 bxc4 35. Bc1 Bxf3+ 36. Qxf3 Qb7 37. Ba3 Qxf3+ 38. Kxf3 e4+ 39. Bxe4 Re5 40. Rh7 Bxf6 41. gxf6 Kg8 42. Rg7+ Kf8 43. Rh7 Kg8 44. Rg7+ Kf8 45. Rh7 1/2-1/2

[Event "Tocancipa 1st"]
[Site "Tocancipa"]
[Date "2015.09.20"]
[Round "4"]
[White "Hernandez, Oscar Eduardo"]
[Black "Prado, Leonardo"]
[Result "0-1"]
[WhiteElo "2022"]
[BlackElo "2051"]
[PlyCount "84"]
[EventDate "2015.09.18"]
[EventType "tourn"]
[EventRounds "10"]
[EventCountry "COL"]
[SourceTitle "EXT 2018"]
[Source "ChessBase"]
[SourceDate "2017.10.13"]
[SourceVersion "1"]
[SourceVersionDate "2017.10.13"]
[SourceQuality "1"]

1. e4 c5 2. c3 d5 3. exd5 Qxd5 4. d4 Nf6 5. Nf3 Nc6 6. Na3 Bg4 7. Be2 cxd4 8. Nb5 0-0-0 9. Nbxd4 e5 10. Nxc6 Qxc6 11. Qc2 Bc5 12. 0-0 Rhe8 13. Nd4 exd4 14. Bxg4+ Nxg4 15. Qf5+ Re6 16. Qxg4 h5 17. Qh3 d3 18. Bg5 Rd5 19. Be3 Bxe3 20. fxe3 Rde5 21. e4 Qxe4 22. Rad1 Rd5 23. Rfe1 Qg6 24. Re3 d2 25. Rxe6 fxe6 26. Qe3 Qc2 27. Qxe6+ Kc7 28. Qf7+ Kc6 29. Qe6+ Kc5 30. Qc8+ Kd6 31. Qd8+ Ke6 32. Qg8+ Kf6 33. Qf8+ Kg6 34. Qf3 Re5 35. Qg3+ Kh6 36. Rf1 Qe4 37. Qf2 Qe1 38. Qf3 Qxf1+ 39. Kxf1 Re1+ 40. Kf2 d1Q 41. Qf4+ Kg6 42. Qg3+ Kh7 0-1

[Event "Tocancipa 1st"]
[Site "Tocancipa"]
[Date "2015.09.20"]
[Round "5"]
[White "Torres Rojas, Yuber Andres"]
[Black "Hernandez, Oscar Eduardo"]
[Result "1/2-1/2"]
[WhiteElo "2097"]
[BlackElo "2022"]
[PlyCount "41"]
[EventDate "2015.09.18"]
[EventType "tourn"]
[EventRounds "10"]
[EventCountry "COL"]
[SourceTitle "EXT 2018"]
[Source "ChessBase"]
[SourceDate "2017.10.13"]
[SourceVersion "1"]
[SourceVersionDate "2017.10.13"]
[SourceQuality "1"]

1. e4 c5 2. Nf3 Nc6 3. c3 Nf6 4. e5 Nd5 5. d4 cxd4 6. cxd4 d6 7. Qb3 e6 8. Nc3 Nxc3 9. bxc3 dxe5 10. Nxe5 Nxe5 11. dxe5 a6 12. Be3 Qc7 13. Bd4 Bd7 14. Be2 Bc6 15. 0-0 Rc8 16. Rac1 Be7 17. c4 0-0 18. Qe3 Qa5 19. Bd3 b5 20. Qe2 Rfd8 21. Ba1 1/2-1/2

[Event "COL-ch U20"]
[Site "Bogota"]
[Date "2015.03.13"]
[Round "3"]
[White "Arboleda Orozco, Juan M"]
[Black "Hernandez, Oscar Eduardo"]
[Result "1/2-1/2"]
[WhiteElo "1888"]
[BlackElo "2019"]
[PlyCount "41"]
[EventDate "2015.03.12"]
[EventType "swiss"]
[EventRounds "7"]
[EventCountry "COL"]
[SourceTitle "CBM 165 Extra"]
[Source "ChessBase"]
[SourceDate "2015.04.21"]
[SourceVersion "1"]
[SourceVersionDate "2015.04.21"]
[SourceQuality "1"]

1. e4 c5 2. Nf3 Nc6 3. d4 cxd4 4. Nxd4 g6 5. c4 Nf6 6. Nc3 d6 7. Be2 Nxd4 8. Qxd4 Bg7 9. Be3 0-0 10. Qd2 Be6 11. 0-0 Qa5 12. Rac1 Rfc8 13. b3 a6 14. f3 b5 15. Nd5 Qxd2 16. Bxd2 Nxd5 17. cxd5 Bd7 18. Rxc8+ Rxc8 19. Rc1 f5 20. Rxc8+ Bxc8 21. a4 1/2-1/2

[Event "COL-ch U20"]
[Site "Bogota"]
[Date "2015.03.13"]
[Round "4"]
[White "Hernandez, Oscar Eduardo"]
[Black "Olarte Parra, Jhoan Sebastian"]
[Result "1/2-1/2"]
[WhiteElo "2019"]
[BlackElo "1941"]
[PlyCount "45"]
[EventDate "2015.03.12"]
[EventType "swiss"]
[EventRounds "7"]
[EventCountry "COL"]
[SourceTitle "CBM 165 Extra"]
[Source "ChessBase"]
[SourceDate "2015.04.21"]
[SourceVersion "1"]
[SourceVersionDate "2015.04.21"]
[SourceQuality "1"]

1. e4 d5 2. exd5 Qxd5 3. Nc3 Qd8 4. d4 c6 5. Be2 Nf6 6. Bf3 e6 7. Nge2 Bd6 8. Bg5 Nbd7 9. Ng3 Qc7 10. Qd2 h6 11. Be3 Nb6 12. Nce4 Nc4 13. Nxd6+ Qxd6 14. Qc3 Nxe3 15. fxe3 0-0 16. e4 Qe7 17. 0-0-0 Bd7 18. Qd2 e5 19. Rhe1 Rfe8 20. Re3 exd4 21. Qxd4 Qe5 22. Red3 Qc7 23. Nh5 1/2-1/2

[Event "Ortega op 4th"]
[Site "Ortega"]
[Date "2014.07.04"]
[Round "3"]
[White "Hernandez, Oscar Eduardo"]
[Black "Castro Rojas, Oscar Humberto"]
[Result "0-1"]
[WhiteElo "2025"]
[BlackElo "2349"]
[PlyCount "80"]
[EventDate "2014.07.03"]
[EventType "swiss"]
[EventRounds "7"]
[EventCountry "COL"]
[SourceTitle "EXT 2015"]
[Source "ChessBase"]
[SourceDate "2014.11.20"]
[SourceVersion "1"]
[SourceVersionDate "2014.11.20"]
[SourceQuality "1"]

1. e4 e5 2. Nf3 Nc6 3. Bc4 Bc5 4. Nc3 d6 5. h3 Be6 6. Bb3 Qd7 7. d3 Nge7 8. Be3 Bb6 9. d4 Bxb3 10. axb3 f6 11. Qd2 Nd8 12. Na4 Rc8 13. Nxb6 axb6 14. 0-0 Nf7 15. Nh2 c5 16. dxe5 fxe5 17. f4 exf4 18. Bxf4 0-0 19. e5 d5 20. Rae1 Rc6 21. Bg5 Ng6 22. Nf3 Re8 23. Bf4 Rce6 24. Re2 Nfxe5 25. Nxe5 Nxe5 26. Bxe5 Rxe5 27. Rxe5 Rxe5 28. Qf4 Qe7 29. Qa4 h5 30. Qa8+ Kh7 31. Qc8 Qg5 32. Rf2 Re1+ 33. Kh2 Qe5+ 34. g3 h4 35. Qf5+ Qxf5 36. Rxf5 Re2+ 37. Kg1 d4 38. Rf2 Rxf2 39. Kxf2 hxg3+ 40. Kxg3 Kg6 0-1

[Event "Ortega op 4th"]
[Site "Ortega"]
[Date "2014.07.03"]
[Round "2"]
[White "Fiquitiva, Jhon Sebastian"]
[Black "Hernandez, Oscar Eduardo"]
[Result "0-1"]
[WhiteElo "1696"]
[BlackElo "2025"]
[PlyCount "30"]
[EventDate "2014.07.03"]
[EventType "swiss"]
[EventRounds "7"]
[EventCountry "COL"]
[SourceTitle "EXT 2015"]
[Source "ChessBase"]
[SourceDate "2014.11.20"]
[SourceVersion "1"]
[SourceVersionDate "2014.11.20"]
[SourceQuality "1"]

1. e4 c5 2. Nf3 g6 3. d4 Bg7 4. c3 cxd4 5. Nxd4 Nc6 6. Nxc6 bxc6 7. Bc4 Qa5 8. 0-0 Nf6 9. Qc2 0-0 10. Nd2 d5 11. b4 Qc7 12. Bb3 dxe4 13. Nxe4 Nxe4 14. Qxe4 Bxc3 15. Rb1 Bf5 0-1

[Event "Bogota McGregor op 4th"]
[Site "Bogota"]
[Date "2013.12.08"]
[Round "8"]
[White "Hernandez, Oscar Eduardo"]
[Black "Duarte, Andres Javier"]
[Result "1-0"]
[WhiteElo "2023"]
[BlackElo "1769"]
[PlyCount "44"]
[EventDate "2013.12.04"]
[EventType "swiss"]
[EventRounds "9"]
[EventCountry "COL"]
[SourceTitle "CBM 157 Extra"]
[Source "ChessBase"]
[SourceDate "2013.12.19"]
[SourceVersion "1"]
[SourceVersionDate "2013.12.19"]
[SourceQuality "1"]

1. e4 c5 2. c3 e6 3. Nf3 Nc6 4. d4 cxd4 5. cxd4 Qb6 6. Nc3 Bb4 7. a3 Bxc3+ 8. bxc3 Nf6 9. Bd3 d5 10. e5 Nd7 11. 0-0 Qc7 12. a4 Nb6 13. a5 Nc4 14. Bxc4 dxc4 15. Qa4 0-0 16. Qxc4 Bd7 17. Qd3 Nxa5 18. Ng5 g6 19. Ne4 Rfc8 20. Qe3 Kf8 21. Qh6+ Ke8 22. Nf6+ Kd8 1-0

[Event "Bogota II IRT Sabana"]
[Site "Bogota"]
[Date "2013.09.23"]
[Round "10.2"]
[White "Hernandez, Oscar Eduardo"]
[Black "Torres, Jose Leonardo"]
[Result "1/2-1/2"]
[WhiteElo "2000"]
[BlackElo "1915"]
[PlyCount "114"]
[EventDate "2013.09.19"]
[EventType "tourn"]
[EventRounds "10"]
[EventCountry "COL"]
[SourceTitle "EXT 2024"]
[Source "ChessBase"]
[SourceDate "2023.10.10"]
[SourceVersion "1"]
[SourceVersionDate "2023.10.10"]
[SourceQuality "1"]

1. e4 d5 2. exd5 Qxd5 3. Nc3 Qa5 4. d4 Nf6 5. Nf3 Bf5 6. Be2 e6 7. Bd2 Bb4 8. Nb5 0-0 9. c3 Be7 10. 0-0 Qb6 11. a4 c6 12. a5 Qd8 13. Na3 Qxa5 14. Nh4 Qc7 15. Nxf5 exf5 16. Nc4 Nbd7 17. g3 Nb6 18. Bf4 Qd8 19. Re1 Nxc4 20. Bxc4 a5 21. Re5 b6 22. Qf3 Qd7 23. Bg5 Bd8 24. Bxf6 Bxf6 25. Rxf5 Rfe8 26. Bb3 Rac8 27. h4 Rc7 28. g4 Rf8 29. g5 Bd8 30. Re1 g6 31. Rfe5 Ra7 32. Ba4 b5 33. Bc2 b4 34. h5 a4 35. hxg6 hxg6 36. Be4 bxc3 37. Bxc6 Qxd4 38. bxc3 Qd6 39. c4 a3 40. Qe3 Ra5 41. Bd5 a2 42. c5 Qc7 43. Ra1 Ra3 44. Qxa3 Qxe5 45. Qxa2 Qxg5+ 46. Kf1 Bc7 47. Rd1 Bh2 48. Rd3 Rb8 49. Bxf7+ Kg7 50. Bb3 Qg1+ 51. Ke2 Qg4+ 52. Kd2 Bf4+ 53. Kc3 Be5+ 54. Kd2 Rb7 55. c6 Bf4+ 56. Kc3 Be5+ 57. Kd2 Bf4+ 1/2-1/2

[Event "Bogota II IRT Sabana"]
[Site "Bogota"]
[Date "2013.09.23"]
[Round "9.3"]
[White "Nieto, Guillermo Luigui"]
[Black "Hernandez, Oscar Eduardo"]
[Result "0-1"]
[WhiteElo "1979"]
[BlackElo "2000"]
[PlyCount "48"]
[EventDate "2013.09.19"]
[EventType "tourn"]
[EventRounds "10"]
[EventCountry "COL"]
[SourceTitle "EXT 2024"]
[Source "ChessBase"]
[SourceDate "2023.10.10"]
[SourceVersion "1"]
[SourceVersionDate "2023.10.10"]
[SourceQuality "1"]

1. e4 c5 2. Nc3 Nc6 3. Bb5 Nd4 4. Nf3 Nxb5 5. Nxb5 Nf6 6. e5 Nd5 7. 0-0 a6 8. Nc3 Nxc3 9. bxc3 d6 10. d4 Bg4 11. h3 Bh5 12. Re1 e6 13. d5 Bxf3 14. Qxf3 dxe5 15. Rxe5 Bd6 16. Bg5 Qc7 17. Re2 e5 18. Qg4 Qd7 19. f4 f5 20. Qh5+ g6 21. Qf3 e4 22. Qg3 0-0 23. Bh6 Rf7 24. Qh4 c4 0-1

[Event "Bogota II IRT Sabana"]
[Site "Bogota"]
[Date "2013.09.21"]
[Round "6.2"]
[White "Parra, Diego Alexander"]
[Black "Hernandez, Oscar Eduardo"]
[Result "1/2-1/2"]
[WhiteElo "1912"]
[BlackElo "2000"]
[PlyCount "55"]
[EventDate "2013.09.19"]
[EventType "tourn"]
[EventRounds "10"]
[EventCountry "COL"]
[SourceTitle "EXT 2024"]
[Source "ChessBase"]
[SourceDate "2023.10.10"]
[SourceVersion "1"]
[SourceVersionDate "2023.10.10"]
[SourceQuality "1"]

1. d4 d5 2. Nf3 Nf6 3. Bg5 Ne4 4. Bf4 c5 5. e3 Qb6 6. Nbd2 Nxd2 7. Nxd2 cxd4 8. exd4 Qxb2 9. Rb1 Qxa2 10. Bb5+ Nc6 11. 0-0 Bd7 12. Re1 e6 13. Nf3 Be7 14. c3 0-0 15. Bd3 b6 16. Ne5 Nxe5 17. Bxe5 f5 18. Qf3 g5 19. Qh5 Rf7 20. h4 gxh4 21. Qh6 Qa4 22. Be2 Bf8 23. Qg5+ Bg7 24. Bh5 Raf8 25. Bxf7+ Rxf7 26. Qd8+ Rf8 27. Qg5 Rf7 28. Qd8+ 1/2-1/2

[Event "Bogota II IRT Sabana"]
[Site "Bogota"]
[Date "2013.09.20"]
[Round "4.3"]
[White "Hernandez, Oscar Eduardo"]
[Black "Nieto, Guillermo Luigui"]
[Result "1-0"]
[WhiteElo "2000"]
[BlackElo "1979"]
[PlyCount "61"]
[EventDate "2013.09.19"]
[EventType "tourn"]
[EventRounds "10"]
[EventCountry "COL"]
[SourceTitle "EXT 2024"]
[Source "ChessBase"]
[SourceDate "2023.10.10"]
[SourceVersion "1"]
[SourceVersionDate "2023.10.10"]
[SourceQuality "1"]

1. e4 c5 2. c3 e6 3. d4 d5 4. exd5 exd5 5. Nf3 Nc6 6. Bb5 Bd6 7. 0-0 Nge7 8. dxc5 Bxc5 9. Nbd2 0-0 10. Nb3 Bd6 11. Re1 Bg4 12. h3 Bh5 13. Be2 Qc7 14. Nfd4 Bg6 15. Nb5 Qd7 16. Nxd6 Qxd6 17. Be3 b6 18. Qd2 Rad8 19. Bf4 Qd7 20. Bb5 Qb7 21. Rad1 a6 22. Bd3 Bxd3 23. Qxd3 Ng6 24. Bg3 f6 25. f4 f5 26. Nd4 Nxd4 27. Qxd4 Qc6 28. Rd2 b5 29. Rde2 Rf6 30. Bf2 Rfd6 31. g3 1-0

[Event "Bogota II IRT Sabana"]
[Site "Bogota"]
[Date "2013.09.19"]
[Round "1.2"]
[White "Hernandez, Oscar Eduardo"]
[Black "Parra, Diego Alexander"]
[Result "1/2-1/2"]
[WhiteElo "2000"]
[BlackElo "1912"]
[PlyCount "58"]
[EventDate "2013.09.19"]
[EventType "tourn"]
[EventRounds "10"]
[EventCountry "COL"]
[SourceTitle "EXT 2024"]
[Source "ChessBase"]
[SourceDate "2023.10.10"]
[SourceVersion "1"]
[SourceVersionDate "2023.10.10"]
[SourceQuality "1"]

1. e4 c5 2. c3 g6 3. d4 cxd4 4. cxd4 Bg7 5. Nf3 d5 6. e5 Bg4 7. h3 Bxf3 8. Qxf3 Nc6 9. Bb5 e6 10. Bxc6+ bxc6 11. 0-0 Ne7 12. Bg5 h6 13. Bf6 0-0 14. Bxg7 Kxg7 15. Nd2 Nf5 16. Nb3 Qb6 17. Qd3 a5 18. a4 Rfb8 19. Ra3 Qa6 20. Qxa6 Rxa6 21. Rd1 Rab6 22. Nxa5 Rxb2 23. Nxc6 Rc8 24. g4 Rxc6 25. gxf5 exf5 26. a5 Rcc2 27. Rf1 Ra2 28. Ra1 Rab2 29. Rf1 Ra2 1/2-1/2

[Event "Bogota II IRT Sabana"]
[Site "Bogota"]
[Date "2013.09.19"]
[Round "2.3"]
[White "Nieto, Manuel Valerio Wald"]
[Black "Hernandez, Oscar Eduardo"]
[Result "1/2-1/2"]
[WhiteElo "2017"]
[BlackElo "2000"]
[PlyCount "81"]
[EventDate "2013.09.19"]
[EventType "tourn"]
[EventRounds "10"]
[EventCountry "COL"]
[SourceTitle "EXT 2024"]
[Source "ChessBase"]
[SourceDate "2023.10.10"]
[SourceVersion "1"]
[SourceVersionDate "2023.10.10"]
[SourceQuality "1"]

1. b3 Nf6 2. Bb2 e6 3. e3 d6 4. Nf3 Be7 5. Be2 Nbd7 6. 0-0 b6 7. c4 Bb7 8. d4 Ne4 9. Nc3 f5 10. d5 Nxc3 11. Bxc3 e5 12. Nd2 0-0 13. f4 Bf6 14. Qc2 e4 15. g4 g6 16. Bxf6 Qxf6 17. g5 Qg7 18. Kf2 Kf7 19. h4 h5 20. gxh6 Qxh6 21. Rh1 Nf6 22. Rag1 Rh8 23. Qd1 Rag8 24. Nf1 Bc8 25. Rg5 Ke7 26. b4 Bd7 27. b5 Qf8 28. Rg2 Ng4+ 29. Bxg4 fxg4 30. Ng3 Bf5 31. Qd4 Qf6 32. Qxf6+ Kxf6 33. Nf1 a6 34. a4 axb5 35. axb5 Ra8 36. Kg3 Ra1 37. Rhg1 Rha8 38. Nd2 R1a3 39. Re2 Rc3 40. Rb1 Raa3 41. Rbe1 1/2-1/2

[Event "COL-ch"]
[Site "Ibague"]
[Date "2013.07.06"]
[Round "10"]
[White "Hernandez, Oscar Eduardo"]
[Black "Diaz, Jaime Walter"]
[Result "0-1"]
[WhiteElo "1970"]
[BlackElo "2175"]
[PlyCount "126"]
[EventDate "2013.07.01"]
[EventType "swiss"]
[EventRounds "11"]
[EventCountry "COL"]
[SourceTitle "EXT 2014"]
[Source "ChessBase"]
[SourceDate "2013.11.20"]
[SourceVersion "1"]
[SourceVersionDate "2013.11.20"]
[SourceQuality "1"]

1. e4 c5 2. c3 e6 3. d4 d5 4. exd5 Qxd5 5. Nf3 Nc6 6. Na3 Bd7 7. Be3 cxd4 8. Nb5 Rc8 9. Nbxd4 Bc5 10. Nc2 Bxe3 11. Nxe3 Qc5 12. Nc4 Rc7 13. Nd6+ Ke7 14. Ne4 Qd5 15. Qxd5 exd5 16. Ng3 Nf6 17. Bd3 Re8 18. 0-0 Kf8 19. Rfe1 Be6 20. Re2 Rd8 21. Bf5 Bd7 22. Bxd7 Rcxd7 23. Nf5 Ne4 24. N5d4 Nxd4 25. Nxd4 a6 26. f3 Nc5 27. Rd1 g6 28. Kf2 Rd6 29. Red2 Ke7 30. Ne2 Ne6 31. Ke3 f5 32. Nf4 Nc7 33. h4 h6 34. h5 g5 35. Ne2 f4+ 36. Kf2 Ne6 37. Nd4 Ng7 38. Rh1 Kf6 39. g4 fxg3+ 40. Kxg3 Re8 41. Kg4 Re5 42. Rhh2 Nf5 43. Nxf5 Rxf5 44. Rd4 Re6 45. Rhd2 Re1 46. Rxd5 Rg1+ 47. Kh3 Rxf3+ 48. Kh2 Re1 49. Rd6+ Re6 50. Rd7 g4 51. Rxb7 Kg5 52. c4 Kh4 53. c5 Rfe3 54. Rb3 g3+ 55. Kg2 Re2+ 56. Rxe2 Rxe2+ 57. Kf1 Re5 58. c6 Kh3 59. c7 Re8 60. Rc3 Kh2 61. Rc2+ Kh1 62. c8Q Rxc8 63. Rxc8 g2+ 0-1

[Event "COL-ch"]
[Site "Ibague"]
[Date "2013.07.05"]
[Round "8"]
[White "Hernandez, Oscar Eduardo"]
[Black "Perez, Elkin Dario"]
[Result "1/2-1/2"]
[WhiteElo "1970"]
[BlackElo "2159"]
[PlyCount "31"]
[EventDate "2013.07.01"]
[EventType "swiss"]
[EventRounds "11"]
[EventCountry "COL"]
[SourceTitle "EXT 2014"]
[Source "ChessBase"]
[SourceDate "2013.11.20"]
[SourceVersion "1"]
[SourceVersionDate "2013.11.20"]
[SourceQuality "1"]

1. e4 e5 2. Nf3 Nc6 3. Bc4 Bc5 4. Nc3 Nf6 5. d3 d6 6. h3 Be6 7. Bb3 Qd7 8. Be3 Bb6 9. Qd2 0-0-0 10. Nd5 Bxd5 11. exd5 Nd4 12. Bxd4 exd4 13. 0-0-0 Rhe8 14. Rde1 Re7 15. Re2 Rde8 16. Rhe1 1/2-1/2

[Event "COL-ch U18"]
[Site "Florencia"]
[Date "2013.05.31"]
[Round "2"]
[White "Hernandez, Oscar Eduardo"]
[Black "Hernandez Sanchez, Jairo Andres"]
[Result "0-1"]
[WhiteElo "1992"]
[BlackElo "2311"]
[PlyCount "76"]
[EventDate "2013.05.31"]
[EventType "swiss"]
[EventRounds "7"]
[EventCountry "COL"]
[SourceTitle "CBM 154 Extra"]
[Source "ChessBase"]
[SourceDate "2013.06.25"]
[SourceVersion "2"]
[SourceVersionDate "2013.06.25"]
[SourceQuality "1"]

1. e4 c5 2. c3 g6 3. d4 Bg7 4. Nf3 cxd4 5. cxd4 d5 6. e5 Bg4 7. h3 Bxf3 8. Qxf3 Nc6 9. Bb5 e6 10. Bxc6+ bxc6 11. 0-0 Ne7 12. Bg5 h6 13. Bf6 0-0 14. Bxg7 Kxg7 15. Nd2 Nf5 16. Nb3 h5 17. Rac1 a5 18. Rfd1 Rb8 19. Qc3 Rb4 20. a3 Rb5 21. Nc5 Qh4 22. Qd2 g5 23. Rc3 Kg6 24. b3 Rc8 25. Kh2 g4 26. Qf4 Qg5 27. Qxg5+ Kxg5 28. g3 gxh3 29. Kxh3 Kh6 30. Rcd3 Nxd4 31. Rxd4 Rxc5 32. Rf4 Kg7 33. Kh4 Rc3 34. Rb1 Rb8 35. Kxh5 Rbxb3 36. Rg4+ Kf8 37. Rd1 c5 38. Kg5 Rf3 0-1

[Event "Sopo op"]
[Site "Sopo"]
[Date "2013.04.26"]
[Round "1"]
[White "Sosa Florez, Juan Sebastian"]
[Black "Hernandez, Oscar Eduardo"]
[Result "0-1"]
[WhiteElo "1641"]
[BlackElo "1988"]
[PlyCount "60"]
[EventDate "2013.04.26"]
[EventType "swiss"]
[EventRounds "5"]
[EventCountry "COL"]
[SourceTitle "CBM 154 Extra"]
[Source "ChessBase"]
[SourceDate "2013.06.25"]
[SourceVersion "2"]
[SourceVersionDate "2013.06.25"]
[SourceQuality "1"]

1. d4 Nf6 2. c4 e6 3. Nc3 d5 4. Bg5 Bb4 5. Bxf6 Qxf6 6. Nf3 0-0 7. Rc1 c6 8. a3 Bd6 9. c5 Bc7 10. e3 Nd7 11. Be2 Qg6 12. Bd3 f5 13. g4 Qxg4 14. Rg1 Qh5 15. Be2 Qe8 16. Ng5 Nf6 17. f4 Bd7 18. Rc2 b6 19. b4 a5 20. Bf3 Qe7 21. cxb6 Bxb6 22. Na4 Rab8 23. Nxb6 Rxb6 24. bxa5 Rb3 25. Qc1 Qxa3 26. Qxa3 Rxa3 27. Rcg2 Rxa5 28. h4 g6 29. h5 Ra1+ 30. Bd1 Nxh5 0-1

[Event "Bogota Ingenieria IRT"]
[Site "Bogota"]
[Date "2012.10.30"]
[Round "8"]
[White "Nieto, Guillermo Luigui"]
[Black "Hernandez, Oscar Eduardo"]
[Result "0-1"]
[WhiteElo "1907"]
[BlackElo "1954"]
[PlyCount "33"]
[EventDate "2012.10.27"]
[EventType "tourn"]
[EventRounds "10"]
[EventCountry "COL"]
[SourceTitle "EXT 2015"]
[Source "ChessBase"]
[SourceDate "2014.11.20"]
[SourceVersion "1"]
[SourceVersionDate "2014.11.20"]
[SourceQuality "1"]

1. e4 c5 2. Nc3 Nc6 3. Bb5 Nd4 4. Nf3 Nxb5 5. Nxb5 Nf6 6. Nc3 d6 7. 0-0 Bg4 8. h3 Bh5 9. d3 e6 10. Bg5 Be7 11. Qe2 h6 12. Bh4 g5 13. Bg3 e5 14. Nd5 Nxd5 15. exd5 0-0 16. Bh2 f5 17. Qe3 0-1

[Event "Bogota Ingenieria IRT"]
[Site "Bogota"]
[Date "2012.10.29"]
[Round "6"]
[White "Nieto, Manuel Valerio Wald"]
[Black "Hernandez, Oscar Eduardo"]
[Result "0-1"]
[WhiteElo "1927"]
[BlackElo "1954"]
[PlyCount "34"]
[EventDate "2012.10.27"]
[EventType "tourn"]
[EventRounds "10"]
[EventCountry "COL"]
[SourceTitle "EXT 2015"]
[Source "ChessBase"]
[SourceDate "2014.11.20"]
[SourceVersion "1"]
[SourceVersionDate "2014.11.20"]
[SourceQuality "1"]

1. Nf3 Nf6 2. g3 c5 3. Bg2 Nc6 4. c4 g6 5. Nc3 Bg7 6. 0-0 0-0 7. d4 cxd4 8. Nxd4 Qb6 9. Nb3 Qc7 10. Bf4 Qd8 11. Qd2 d6 12. Rfd1 Be6 13. Nd5 a5 14. Bh6 Bxh6 15. Qxh6 Bxd5 16. cxd5 Ne5 17. h3 Qb6 0-1

[Event "Bogota Ingenieria IRT"]
[Site "Bogota"]
[Date "2012.10.28"]
[Round "3"]
[White "Hernandez, Oscar Eduardo"]
[Black "Nieto, Guillermo Luigui"]
[Result "1-0"]
[WhiteElo "1954"]
[BlackElo "1907"]
[PlyCount "41"]
[EventDate "2012.10.27"]
[EventType "tourn"]
[EventRounds "10"]
[EventCountry "COL"]
[SourceTitle "EXT 2015"]
[Source "ChessBase"]
[SourceDate "2014.11.20"]
[SourceVersion "1"]
[SourceVersionDate "2014.11.20"]
[SourceQuality "1"]

1. e4 d5 2. exd5 Nf6 3. d4 Nxd5 4. c4 Nb6 5. Nf3 Bg4 6. Be2 Nc6 7. Be3 Bxf3 8. Bxf3 Nxc4 9. Qa4 Nb6 10. Bxc6+ bxc6 11. Qxc6+ Qd7 12. Qf3 e6 13. Nc3 Bb4 14. Rc1 0-0 15. 0-0 Rac8 16. Ne4 Nd5 17. a3 Bd6 18. Rc2 a5 19. Bd2 a4 20. Nc3 Nxc3 21. Bxc3 1-0

[Event "Bogota op 05"]
[Site "Bogota"]
[Date "2012.05.20"]
[Round "4"]
[White "Vargas, Mauricio"]
[Black "Hernandez, Oscar Eduardo"]
[Result "1-0"]
[WhiteElo "1990"]
[BlackElo "1955"]
[PlyCount "97"]
[EventDate "2012.05.18"]
[EventType "swiss"]
[EventRounds "7"]
[EventCountry "COL"]
[SourceTitle "CBM 148 Extra"]
[Source "ChessBase"]
[SourceDate "2012.06.22"]
[SourceVersion "1"]
[SourceVersionDate "2012.06.22"]
[SourceQuality "1"]

1. e4 c5 2. Nf3 Nc6 3. d4 cxd4 4. Nxd4 g6 5. Nc3 Bg7 6. Be3 Nf6 7. Nxc6 bxc6 8. e5 Ng8 9. f4 f6 10. Bd4 Qc7 11. exf6 Nxf6 12. Qd2 d5 13. Bd3 0-0 14. Be5 Qa5 15. 0-0-0 Nh5 16. Bxg7 Nxg7 17. Rhf1 Rb8 18. Rde1 e6 19. b3 c5 20. Na4 Qc7 21. c4 Bd7 22. Nc3 d4 23. Ne4 Nf5 24. g4 Ne3 25. Rxe3 dxe3 26. Qxe3 e5 27. f5 gxf5 28. gxf5 Bxf5 29. Qg5+ Bg6 30. Nf6+ Rxf6 31. Rxf6 Rb6 32. Bxg6 Rxf6 33. Qxf6 hxg6 34. Qxg6+ Kh8 35. Qh6+ Kg8 36. Qg5+ Kf7 37. Qf5+ Kg7 38. h4 Qd6 39. Qg4+ Kh7 40. Qe4+ Kh6 41. Qe3+ Kh7 42. h5 Qh6 43. Qxh6+ Kxh6 44. b4 cxb4 45. c5 e4 46. c6 Kxh5 47. c7 Kg4 48. c8Q+ Kf3 49. Kd1 1-0

[Event "Bogota McGregor op 2nd"]
[Site "Bogota"]
[Date "2011.12.07"]
[Round "4"]
[White "Hernandez, Oscar Eduardo"]
[Black "Ovalles, Otto"]
[Result "0-1"]
[WhiteElo "1960"]
[BlackElo "2175"]
[PlyCount "74"]
[EventDate "2011.12.06"]
[EventType "swiss"]
[EventRounds "10"]
[EventCountry "COL"]
[SourceTitle "CBM 145 Extra"]
[Source "ChessBase"]
[SourceDate "2012.01.03"]
[SourceVersion "1"]
[SourceVersionDate "2012.01.03"]
[SourceQuality "1"]

1. e4 c6 2. d4 d5 3. e5 Bf5 4. Bd3 Bxd3 5. Qxd3 e6 6. Ne2 c5 7. c3 Nc6 8. 0-0 Nge7 9. Bg5 Qb6 10. Bxe7 Bxe7 11. Nd2 cxd4 12. cxd4 0-0 13. a3 f6 14. Nf3 fxe5 15. dxe5 Qxb2 16. Rab1 Qxa3 17. Rb3 Qa6 18. Qxa6 bxa6 19. Ned4 Na5 20. Rbb1 Kf7 21. Ra1 Nb7 22. Rxa6 Nc5 23. Rc6 Rfc8 24. Ra1 a6 25. g3 h6 26. Nd2 Rxc6 27. Nxc6 Rc8 28. Nd4 Rb8 29. Ra3 Rb2 30. Rf3+ Ke8 31. N2b3 Nxb3 32. Nxb3 Kd7 33. Kg2 g5 34. h3 h5 35. g4 hxg4 36. hxg4 Re2 37. Rf7 Rxe5 0-1